| 000 | 02176nam0a2200385 4500 | ||
|---|---|---|---|
| 001 | RU\NLR\bibl\950312 | ||
| 005 | 20260406143228.0 | ||
| 010 |
_a5-482-0667-0 _bВелби |
||
| 010 |
_a5-98050-015-4 _bИн-т частного права _93000 |
||
| 021 |
_aRU _b2006-14717 _9723 |
||
| 035 | _a(nilc)EL/0000057243 | ||
| 035 | _a(NLR Aleph) 000938419 | ||
| 090 |
_a204267 _c204267 |
||
| 100 | _a20060403d2006 |||y0rusy50 ca | ||
| 101 | 0 | _arus | |
| 102 | _aRU | ||
| 105 | _ay ||||||||| | ||
| 200 | 1 |
_aГражданское право _eучебник _eдля студентов вузов, обучающихся по специальности "Юриспруденция" _f[Алексеев С.С. д.ю.н., проф., чл.-корр. РАН, засл. деят. науки РСФСР, лауреат Гос. Премии ССР, Б.М. Гонгало д.ю.н., проф., Д.В. Мурзин к.ю.н., доц. и др.] _gпод общ. ред. д. ю. н., проф., чл.-кор. РАН С.С. Алексеева |
|
| 210 |
_aМосква _cВЕЛБИ _aЕкатеринбург _cИнститут частного права _d2006 |
||
| 215 |
_a477, [1] с. _d22 |
||
| 320 | _aБиблиогр.: с. 450-453 и в подстроч. примеч. | ||
| 606 | 1 |
_aГражданское право _jУчебники для высших учебных заведений _yРоссийская Федерация _92073647 _3RU\NLR\auth\661248570 |
|
| 686 |
_a67.404я73 _vLBC/RL _2rubbk |
||
| 686 | _aХ623я73 | ||
| 701 | 1 |
_4070 _8rus _7ca _aАлексеев _bС. С. _cд-р юрид. наук, литератор _f1924-2013 _gСергей Сергеевич _3RU\NLR\AUTH\773718 _9113711 |
|
| 701 | 1 |
_4070 _aГонгало _bБ. М. _f1956- _gБронислав Мичиславович _9152844 _3RU\NLR\AUTH\770152882 |
|
| 701 | 1 |
_aМурзин _bД. В. _gДмитрий Витальевич _4070 |
|
| 801 | 0 |
_aRU _bВологодская ОУНБ _c20060403 _grcr |
|
| 801 | 1 |
_aRU _bВологодская ОУНБ _c20060403 |
|
| 801 | 2 |
_aRU _bNLR _c20060517 _grcr |
|
| 830 | _aавт. по кн. | ||
| 942 | _cBOOK | ||
| 980 | _aNB | ||